Statistics for Top 20 AFC ranked countries

Click here to take the quiz!

General Stats

  • This quiz has been taken 72 times
  • The average score is 17 of 20

Answer Stats

FIFA World rankingCountry% Correct
29Iran
100%
38Korea republic
100%
46Japan
99%
48Saudi Arabia
99%
119Iraq
96%
85Qatar
93%
44Australia
91%
129India
91%
125Korea DPR
90%
64United Arab Emirates
90%
96Syria
88%
118Oman
87%
126Thailand
82%
107Jordan
81%
81China PR
79%
61Uzbekistan
79%
123Bahrain
73%
122Philippines
57%
124Kyrgyzstan
52%
131Palestine
34%

Score Distribution

Percentile by Number Answered

Percent of People with Each Score

Your Score History

You have not taken this quiz